000
00271nam a2200097Ia 4500
008
240331s9999 xx 000 0 und d
082
_a
294.5
_b
COL
100
_a
Coleman, C
245
4
_a
The Mythology of the Hindus with notices of Various Mountain and Island Tribes
942
_c
L
999
_c
946
_d
946